Accounting for management control (Record no. 75596)

MARC details
000 -LEADER
fixed length control field 01537nam a2200265 a 4500
008 - FIXED-LENGTH DATA ELEMENTS--GENERAL INFORMATION
fixed length control field 120416s1985 ||||||||||||||||| || u
020 ## - INTERNATIONAL STANDARD BOOK NUMBER
International Standard Book Number 0442306415
050 ## - LIBRARY OF CONGRESS CALL NUMBER
Classification number HF 5635 Emm
100 ## - MAIN ENTRY--PERSONAL NAME
Personal name Emmanuel, Clive R
245 10 - TITLE STATEMENT
Title Accounting for management control
260 ## - PUBLICATION, DISTRIBUTION, ETC.
Place of publication, distribution, etc. Wokingham, Berkshire, England :
Name of publisher, distributor, etc. Van Nostrand Reinhold (UK)
Date of publication, distribution, etc. 1985
300 ## - PHYSICAL DESCRIPTION
Extent xii, 289 p.
350 ## -
-- 0.00
490 ## -
-- The VNR series in accounting and finance
500 ## - GENERAL NOTE
General note Bibliography
650 #0 - SUBJECT ADDED ENTRY--TOPICAL TERM
Topical term or geographic name entry element ACCOUNTING--HANDBOOKS, MANUALS, ETC
650 #0 - SUBJECT ADDED ENTRY--TOPICAL TERM
Topical term or geographic name entry element MANAGERIAL ACCOUNTING
700 ## - ADDED ENTRY--PERSONAL NAME
Personal name Otley, David T
995 ## -
-- TEXTBOOKS (SB)
-- 0.00
-- 01446
-- CBU-SCHOOL TEXTBOOK COLLECTIONS
-- 1
-- 0.00
-- SCHOOL TEXTBOOK
-- 5
-- AVAILABLE
-- Sep 22, 2009
-- 01446
-- School Collections
995 ## -
-- ANNEX COLLECTION (Main Library)
-- 0.00
-- 005485
-- CBU-MAIN LIBRARY (Kitwe)
-- 1
-- 10.95
-- HF 5635 Emm
-- AVAILABLE
-- 005485
-- Annex Low-Usage Collection
995 ## -
-- MAIN LIBRARY OPEN ACCESS
-- 0.00
-- 005487
-- CBU-MAIN LIBRARY (Kitwe)
-- 3
-- 10.95
-- HF 5635 Emm
-- AVAILABLE
-- 005487
-- Main Library Open Access Collection
995 ## -
-- TEXTBOOKS (SB)
-- 0.00
-- 01447
-- CBU-SCHOOL TEXTBOOK COLLECTIONS
-- 1
-- 0.00
-- SCHOOL TEXTBOOK
-- 6
-- AVAILABLE
-- Sep 22, 2009
-- 01447
-- School Collections
995 ## -
-- ANNEX COLLECTION (Main Library)
-- 0.00
-- 712146
-- CBU-MAIN LIBRARY (Kitwe)
-- 2
-- 10.95
-- HF 5635 Emm
-- AVAILABLE
-- 005486
-- Annex Low-Usage Collection
995 ## -
-- TEXTBOOKS (SB)
-- 0.00
-- 01445
-- CBU-SCHOOL TEXTBOOK COLLECTIONS
-- 1
-- 0.00
-- SCHOOL TEXTBOOK
-- 4
-- AVAILABLE
-- Sep 22, 2009
-- 01445
-- School Collections
999 ## -
-- 75596
-- 75596
Holdings
Withdrawn status Lost status Source of classification or shelving scheme Damaged status Not for loan Permanent Location Current Location Shelving location Date acquired Total Checkouts Full call number Barcode Date last seen Copy number Price effective from Koha item type
          CBU-MAIN LIBRARY, KITWE. CBU-MAIN LIBRARY, KITWE.   03/30/2023   HF 5635 Emm 005485 03/30/2023 2 03/30/2023 MONOGRAPH
          CBU-MAIN LIBRARY, KITWE. CBU-MAIN LIBRARY, KITWE.   03/30/2023   HF 5635 Emm 005487 03/30/2023 3 03/30/2023 MONOGRAPH
          CBU-MAIN LIBRARY, KITWE. CBU-MAIN LIBRARY, KITWE.   03/30/2023   HF 5635 Emm 005486 03/30/2023 5 03/30/2023 MONOGRAPH
          CBU-SCHOOL TEXT BOOK COLLECTION CBU-SCHOOL TEXT BOOK COLLECTION   03/30/2023   SCHOOL TEXTBOOK 01446 03/30/2023 1 03/30/2023 MONOGRAPH
          CBU-SCHOOL TEXT BOOK COLLECTION CBU-SCHOOL TEXT BOOK COLLECTION   03/30/2023   SCHOOL TEXTBOOK 01447 03/30/2023 4 03/30/2023 MONOGRAPH
          CBU-SCHOOL TEXT BOOK COLLECTION CBU-SCHOOL TEXT BOOK COLLECTION   03/30/2023   SCHOOL TEXTBOOK 01445 03/30/2023 6 03/30/2023 MONOGRAPH